000 00826na a2200253 4500
001 14199
003 MIRAKIL
005 20181213154857.0
008 161019b tu 000 0
035 _a14199
040 _aMilas
_btur
_cTR-AnCHP
041 _atur
082 _aATA 323
_bA72 1997
090 _aATA 323 A72 1997
245 _aAtatürk'ün yazdığı yurttaşlık bilgileri
_cgünümüz diline çevirip basıma hazırlayan Nuran Tezcan
260 _a[İstanbul]
_bCumhuriyet Kitapları
_c1997
300 _a101 s.
_c16 sm.
500 _aCumhuriyet Gazetesinin okurlarına rmağanıdır.
600 _aAtatürk, Mustafa Kemal
_d1881-1938
_xSiyasal ve sosyal görüşler
650 _aYurttaşlık
_xEl kitapları, vb.
_zTürkiye
650 _aAtatürkçülük
700 _aTezcan, Nuran
942 _2dcc
_cBKS
999 _c2443
_d2443